Les 20 villes les plus peuplées du Puy-de-Dôme (63) - Statistiques

Statistiques générales
  • Ce quiz a été pris 63 fois
  • Le résultat moyen est 12 sur 20
Statistiques - réponses
HINT HINT ANSWER % Correct
147 751 C Clermont-Ferrand
100%
18 680 R Riom
90%
15 078 I Issoire
88%
20 020 C Cournon-d'Auvergne
82%
11 686 T Thiers
80%
17 591 C Chamalières
78%
10 273 A Aubière
68%
10 268 G Gerzat
68%
12 422 P Pont-du-Château
66%
6 556 A Ambert
64%
10 787 B Beaumont
60%
8 949 C Cébazat
50%
8 646 L Lempdes
50%
7 905 R Romagnat
44%
4 826 B Billom
42%
6 294 C Châtel-Guyon
40%
6 548 C Ceyrat
38%
6 468 L Lezoux
38%
5 455 L Le Cendre
32%
5 336 V Vic-le-Comte
30%
Aucun quiz correspondant
Distribution des résultats
% des personnes avec chaque résultat
Percentile par nombre de réponses
Votre historique - résultats
Vous n’avez pas pris ce quiz